K MEDIKAMENTOSNÉMU LIEČENIU PLÚCNÝCH CHORÔB, ZVLÁŠŤ TUBERKULOSY

Bibliographic Details
Main Author: Pecháň, Alois (Author)
Format: Article
Language:Slovak

MARC

LEADER 00000nab a2200000ua 4500
001 vtls010801005
003 SK-MaSNL
005 20260303124102.0
008 230214s xo |||||||||||||||||slo|
035 |a (urnnbn)urn:nbn:sk:snk:ar-a033r9 
035 |a (uuid)7f1cdf8c-f5e4-445d-8af4-f4d04ba8b906 
035 |a urn:nbn:sk:snk-ab531o 
040 |a SNKBUCL  |b slo  |c SNKBUCL  |e AACR2 
041 0 |a slo 
044 |a xo  |c SK 
100 1 |a Pecháň, Alois  |4 aut  |9 1140644 
245 1 0 |a K MEDIKAMENTOSNÉMU LIEČENIU PLÚCNÝCH CHORÔB, ZVLÁŠŤ TUBERKULOSY  |c Alois Pecháň 
773 0 |t Bratislavské lekárske listy  |g Roč. 3, č. 3 (1923-1924), s. 142-144 
954 |a odborná, vedecká literatúra pôvodná (slovenská)  |2 lita 
958 |a OND 
958 |a EUIPO 
958 |a article3 
999 |c 1929113  |d 1931043